| 000 | 01101nam a22002297a 4500 | ||
|---|---|---|---|
| 005 | 20130607112544.0 | ||
| 010 | _aENG-107333 | ||
| 020 |
_a9789382601135 _c275.00 |
||
| 035 | _aEN-90866 | ||
| 037 | _bDBAD/PUB | ||
| 082 | _a371.3344678 | ||
| 100 | _aLevinson, Matt | ||
| 245 |
_aFrom fear to facebook : _cby Matt Levinson _bone school's journey / |
||
| 260 |
_aGreater Noida _beVookz Learning Solutions _c2011 |
||
| 270 |
_a10, Parshwanath Edens, Sec-, Alpha-II, _bGreater Noida |
||
| 300 |
_axiii,129p. _c22cm(pbk) |
||
| 505 | _a Lessons learned: Stating a 1-to-1 laptop program -- Schools and Facebook: Moving too fast or not fast enough? -- iTunes schools: customized learning for the 21st century -- Kids online: Lying as the new social norm? -- Smart parenting in the Facebook age -- Privacy and little brother -- Teacher development: A field of dreams? -- Students and laptops: Making a difference? | ||
| 650 |
_a Instructional systems _xDesign. |
||
| 650 | _aComputer-assisted instruction. | ||
| 650 | _a Educational technology. | ||
| 942 |
_2ddc _cEN _mLEV _h371.3344678 |
||
| 999 |
_c76058 _d76058 |
||